000 00422nam a2200157Ia 4500
008 230917s9999||||xx |||||||||||||| ||und||
020 _cRS9
040 _e176560
_aMAIN
041 _aEnglish
082 _a891.433721 AN83F
100 _aअफरीदी, नफीस
245 0 _aफिर भी अकेले
260 _aदिल्ली
_bशारदा
_c1978
300 _a111 पृ. p.
942 _cHN
999 _c175946
_d175946